000 00309nam a22001337a 4500
008 171023b xxu||||| |||| 00| 0 eng d
020 _a9780471546320
041 _aeng
080 _a338
100 _a54
101 _aMO
245 _aPRODUCTION AND OPERATIONS MANAGEMENT
_cMARTINICH, J.S
942 _2udc
_cBK
999 _c35416
_d35416